Bhāshātativa. (Record no. 73206)

MARC details
000 -LEADER
fixed length control field 00523cam a22002171 4500
001 - CONTROL NUMBER
control field sa 67002340
003 - CONTROL NUMBER IDENTIFIER
control field DLC
005 - DATE AND TIME OF LATEST TRANSACTION
control field 20260227112330.0
008 - FIXED-LENGTH DATA ELEMENTS--GENERAL INFORMATION
fixed length control field 890814s1963 xx 000 0 ben
010 ## - LIBRARY OF CONGRESS CONTROL NUMBER
LC control number sa 67002340
035 ## - SYSTEM CONTROL NUMBER
System control number (OCoLC)23577272
040 ## - CATALOGING SOURCE
Original cataloging agency DLC
Transcribing agency MiU
Modifying agency DLC
042 ## - AUTHENTICATION CODE
Authentication code premarc
050 00 - LIBRARY OF CONGRESS CALL NUMBER
Classification number P121
Item number .M673
100 1# - MAIN ENTRY--PERSONAL NAME
Personal name Mojumder, Atindra.
245 10 - TITLE STATEMENT
Title Bhāshātativa.
260 ## - PUBLICATION, DISTRIBUTION, ETC.
Date of publication, distribution, etc. [1963]
300 ## - PHYSICAL DESCRIPTION
Extent 121, 109, 9 p.
Other physical details map,
Dimensions 23 cm.
500 ## - GENERAL NOTE
General note In Bengali.
650 #0 - SUBJECT ADDED ENTRY--TOPICAL TERM
Topical term or geographic name entry element Language and languages

No items available.

Powered by Koha